| 000 | 01093cam a22003494a 4500 | ||
|---|---|---|---|
| 001 | 16485248 | ||
| 005 | 20171218080027.0 | ||
| 008 | 100930s2012 maua b 001 0 eng | ||
| 010 | _a 2010041983 | ||
| 016 | 7 |
_a101542613 _2DNLM |
|
| 020 | _a9780321716026 (student ed.) | ||
| 020 | _a0321716027 (student ed.) | ||
| 020 | _a9780321689627 (exam copy) | ||
| 020 | _a0321689623 (exam copy) | ||
| 020 | _a9780321689634 (Books al la Carte ed.) | ||
| 020 | _a0321689631 (Books al la Carte ed.) | ||
| 035 | _a(OCoLC)ocn669122261 | ||
| 040 |
_aDNLM/DLC _cDLC _dYDX _dNLM _dYDXCP _dBWX _dCDX _dDLC |
||
| 041 | _aeng | ||
| 042 | _apcc | ||
| 060 | 1 | 0 | _aQU 375 |
| 080 | _a571.6 | ||
| 082 | 0 | 0 |
_a571.6 HAR _222 |
| 100 | 1 | _a11 | |
| 101 | _aBIO | ||
| 245 | 1 | 0 |
_aBecker's world of the cell / _cJeff Hardin, Gregory Bertoni, Lewis J. Kleinsmith. |
| 246 | 3 | 0 | _aWorld of the cell |
| 504 | _aIncludes bibliographical references and index. | ||
| 906 |
_a7 _bcbc _corignew _d1 _eecip _f20 _gy-gencatlg |
||
| 942 |
_2ddc _cBK |
||
| 999 |
_c39089 _d39089 |
||